000 00795nam a2200217 a 4500
001 000005385
005 20200929151648.0
008 090819s1995 sp a 000 0 spa d
020 _a8400074971
040 _aDO-SdBNP
_bspa
_cBNPHU
082 _axxxx
_bC578f
100 1 _aCirujano, Santos
_915288
245 1 0 _aFlora y vegetación de las lagunas y humedades de la provincia Cuenca /
_cSantos Cirujano ; prólogo Pedro Molina Vicente.
260 _aMadrid, España :
_bCSIC,
_c1995.
300 _a224 p. :
_bil., retrs. ;
_c25 cm.
504 _aIncluye referencias bibliográficas y notas al pie de las páginas
504 _aBibliografía : p. 199-205
700 1 _aMolina Vicente, Pedro,
_epról.
_915289
710 1 _aConsejo Superior de Investigaciones Científicas
_94786
049 _aBNPD
999 _c5185
_d5185